000 00722nam a2200265Ia 4500
001 Para_3629
003 CHAP
008 220125s1942 xx 000 0 und d
010 _a202200
040 _cCHAP
090 _aPA FOLLETO 1229
245 _aCodling moth control /
_c Lee Jenkins [et.al.]
260 _aMissouri :
_b Agricultural Experiment Station
300 _a18 p.
440 _aMissouri. Agri. Exp. Sta., Bull.; 456
_9167274
650 _aCarpocapsa pomonella
_919295
700 _aJenkins, Lee
_961322
901 _aPA FOLLETO 1229
902 _aA
905 _a0000001942 MIS 0000000000 00
910 _a1942
942 _cPARA
942 _cPARA
_d1
999 _c202200
_d202200